000 00988cam a2200241 i 4500
003 SA-RiAUC
005 20260123132537.0
008 260119s1977 ua g 00010bara c
040 _aSA-JeALM
_bara
_cSA-RiAUC
_erda
050 4 _bJ89 1977
082 0 4 _a239.9
_qSA-RiAUC
090 _a239.9
_bج ي و
100 1 _aالجيوشي، محمد إبراهيم
_eمؤلف.
245 1 0 _aالشعبي :
_bعلامة التابعين وحبر الأمة : حياته وأخباره /
_cمحمد إبراهيم الجيوشي.
264 1 _aالقاهرة :
_bمكتبة دار التراث،
_c1977
300 _a156 صفحة ؛
_c24 سم
336 _aنص
_btxt
_2rdacontent
_3كتاب
337 _aبدون وسيط
_bn
_2rdamedia
600 1 7 _aالشعبي، عامر بن شراحيل بن عبد ذي كبار،
_d19-103 هجري
_2aucnm
650 7 _aالصحابة والتابعون
_vتراجم
_2aucsh
942 _2ddc
_cBOOK
_n0
949 _aSA-JeALM
_d260119
_uosman123
_n1
999 _c14132
_d14132